000 00475nam a2200169 i 4500
001 43657
003 ES-MaACL
005 20251114063101.0
007 t|
008 030318s1963 sp ||||1| spa d
100 1 _aCervera, Juan,
_d1933-
_937631
245 1 0 _aA orillas de un río /
_cJuan Cervera Sanchís.
260 _aBilbao :
_bAlrededor de la Mesa,
_c1963.
300 _a20 p. ;
_c22 cm.
852 _aES-MaACL
_j2038-F-3
_bR.53610
999 _c43657
_d43657